Encyclopedia of Bible difficulties / (Record no. 6051)

MARC details
000 -LEADER
fixed length control field 00813pam a2200253 a 4500
001 - CONTROL NUMBER
control field 1387386
003 - CONTROL NUMBER IDENTIFIER
control field OSt
005 - DATE AND TIME OF LATEST TRANSACTION
control field 20190111172729.0
008 - FIXED-LENGTH DATA ELEMENTS--GENERAL INFORMATION
fixed length control field 820204s1982 miu b 001 0 eng
010 ## - LIBRARY OF CONGRESS CONTROL NUMBER
LC control number 82001964
020 ## - INTERNATIONAL STANDARD BOOK NUMBER
International Standard Book Number 0310435706
040 ## - CATALOGING SOURCE
Original cataloging agency DLC
Transcribing agency DLC
Modifying agency DLC
050 00 - LIBRARY OF CONGRESS CALL NUMBER
Classification number BS612
Item number .A73 1982
082 00 - DEWEY DECIMAL CLASSIFICATION NUMBER
Classification number REF 220.6
Edition number 19
Item number AR671e
100 1# - MAIN ENTRY--PERSONAL NAME
Personal name Archer, Gleason L.
Fuller form of name (Gleason Leonard),
Dates associated with a name 1916-2004.
245 10 - TITLE STATEMENT
Title Encyclopedia of Bible difficulties /
Statement of responsibility, etc. Gleason L. Archer ; foreword by Kenneth S. Kantzer.
260 ## - PUBLICATION, DISTRIBUTION, ETC.
Place of publication, distribution, etc. Grand Rapids, Mich. :
Name of publisher, distributor, etc. Zondervan Pub. House,
Date of publication, distribution, etc. c1982.
300 ## - PHYSICAL DESCRIPTION
Extent 476 p. ;
Dimensions 24 cm.
500 ## - GENERAL NOTE
General note Includes indexes.
504 ## - BIBLIOGRAPHY, ETC. NOTE
Bibliography, etc. note Bibliography: p. 435-436.
630 00 - SUBJECT ADDED ENTRY--UNIFORM TITLE
Uniform title Bible
General subdivision Examinations, questions, etc.
906 ## - LOCAL DATA ELEMENT F, LDF (RLIN)
a 7
b cbc
c orignew
d 1
e ocip
f 19
g y-gencatlg
942 ## - ADDED ENTRY ELEMENTS (KOHA)
Source of classification or shelving scheme Dewey Decimal Classification
Koha item type Books
Holdings
Withdrawn status Lost status Source of classification or shelving scheme Damaged status Not for loan Collection code Home library Current library Shelving location Date acquired Cost, normal purchase price Total Checkouts Full call number Barcode Date last seen Price effective from Koha item type
    Dewey Decimal Classification     Non-fiction Harvest Mission College Harvest Mission College General Stacks 11.01.2019 300.00   REF 220.6 AR671e 006872 11.01.2019 11.01.2019 Reference
    Dewey Decimal Classification     Non-fiction Harvest Mission College Harvest Mission College General Stacks 11.01.2019 300.00   REF 220.6 AR671E 011952 23.02.2021 11.01.2019 Reference

OPAC Designed and Maintained by HMC Library Team.
Copyright © HMC Library,Greater Noida, UP.
For any Suggestions/Query Contact library via Email:libhmc@gmail.com